00264nam a2200073Ia 4500082001200000245006500012100007200077008004100149 aAF LING 0aDuisend sterre; Kasteel van die arend; Boodskap in die wind  a LINGUA, Susanna M. (Susanna Myburgh) Pretoria, 2008 1ste druk 210817s9999 xx 000 0 und d